Militares y política en la sociedad Argentina /
Tallennettuna:
| Päätekijä: | |
|---|---|
| Aineistotyyppi: | Kirja |
| Kieli: | Spanish |
| Julkaistu: |
México:
Editorial Edicol,
1980
|
| Tagit: |
Lisää tagi
Ei tageja, Lisää ensimmäinen tagi!
|
MARC
| LEADER | 00000nam a2200000 4500 | ||
|---|---|---|---|
| 003 | cru CIDCACS/IIS | ||
| 005 | 20240708112552.0 | ||
| 008 | 240708b1980 mx ||||| |||| 00| 0 spa d | ||
| 020 | |a 968-408-064-6 | ||
| 040 | |a cru CIDCACS/IIS |b spa |c cru CIDCACS/IIS | ||
| 100 | 1 | |a De Riz, Liliana |9 12239 | |
| 245 | 1 | |a Militares y política en la sociedad Argentina / |c Liliana De Riz |h [impreso] | |
| 260 | |a México: |b Editorial Edicol, |c 1980 | ||
| 300 | |a 67-78 páginas | ||
| 650 | 0 | 7 | |0 TESAUROS |2 TESAUROS |
| 773 | 0 | |0 45882 |9 11336 |a Portantiero, Juan Carlos |d México: Editorial Edicol, 1980 |o 08253 |t América Latina: |z 968-408-064-6 | |
| 942 | |2 z |c LI |h <script>document.querySelector('[id^="tag_090_subfield_a"]').value</script> |6 SCRIPTDOCUMENTQUERYSELECTORIDTAG_090_SUBFIELD_AVALUESCRIPT | ||
| 999 | |c 45884 |d 45884 | ||



